[Event "Leyland op"]
[Site "Leyland"]
[Date "2013.08.24"]
[Round "2"]
[White "Olbison, Philip J"]
[Black "Surtees, Michael"]
[Result "0-1"]
[WhiteElo "1997"]
[BlackElo "2106"]
[PlyCount "43"]
[EventDate "2013.08.24"]
[EventType "swiss"]
[EventRounds "6"]
[EventCountry "ENG"]
[SourceTitle "CBM 156 Extra"]
[Source "ChessBase"]
[SourceDate "2013.10.22"]
[SourceVersion "1"]
[SourceVersionDate "2013.10.22"]
[SourceQuality "1"]

1. d4 c6 2. c4 f6 3. Nc3 e5 4. dxe5 fxe5 5. e4 Nf6 6. Nf3 Bb4 7. Bd3 d6 8. h3 Na6 9. Be3 0-0 10. Qc2 h6 11. Nd2 Bc5 12. Bxc5 Nxc5 13. Be2 a5 14. 0-0-0 Qc7 15. g3 a4 16. f4 Ne6 17. f5 Nd4 18. Qd3 a3 19. g4 axb2+ 20. Kxb2 Qa5 21. Nf3 Qb4+ 22. Ka1 0-1

[Event "British-ch 5-day op AM Week 1"]
[Site "Torquay"]
[Date "2013.08.02"]
[Round "5.3"]
[White "Archer Lock, Adrian"]
[Black "Olbison, Philip J"]
[Result "1-0"]
[WhiteElo "1967"]
[BlackElo "1997"]
[PlyCount "133"]
[EventDate "2013.07.29"]
[EventType "swiss"]
[EventRounds "5"]
[EventCountry "ENG"]
[SourceTitle "EXT 2023"]
[Source "ChessBase"]
[SourceDate "2022.10.05"]
[SourceVersion "1"]
[SourceVersionDate "2022.10.05"]
[SourceQuality "1"]

1. d4 Nf6 2. Bg5 Ne4 3. Bf4 d5 4. e3 e6 5. Nd2 Nf6 6. Ngf3 Nbd7 7. Bd3 Be7 8. 0-0 0-0 9. h3 b6 10. Ne5 Bb7 11. c3 Nxe5 12. Bxe5 Nd7 13. Bh2 f5 14. Qe2 a5 15. Rae1 Bd6 16. Bxd6 cxd6 17. f3 Nf6 18. e4 Nh5 19. exf5 Nf4 20. Qe3 Qg5 21. g4 Rf6 22. h4 Nh3+ 23. Kg2 Qxe3 24. Rxe3 Nf4+ 25. Kf2 Nxd3+ 26. Rxd3 Ba6 27. c4 dxc4 28. Rc3 d5 29. fxe6 b5 30. Re1 Re8 31. e7 b4 32. Rce3 Rf4 33. Re5 Rxd4 34. Nf1 g6 35. Ne3 Rd2+ 36. Kg3 Bb7 37. g5 c3 38. bxc3 bxc3 39. Rc1 Rd3 40. Ng4 Kf7 41. Re2 Rxe7 42. Ne5+ Rxe5 43. Rxe5 d4 44. Rxa5 Rxf3+ 45. Kg4 Be4 46. Rc5 Rd3 47. Kf4 Bf5 48. Ke5 Rd2 49. Rc7+ Ke8 50. Kd6 d3 51. Rxh7 c2 52. Re7+ Kf8 53. Rce1 Re2 54. R7xe2 dxe2 55. a4 Bd3 56. Kc5 Ke7 57. a5 Ke6 58. Kd4 Ba6 59. Kc3 Kf5 60. Kxc2 Kg4 61. Kd2 Kxh4 62. Rg1 Kh3 63. Ke1 Kh2 64. Kf2 Bb5 65. Rb1 Bd3 66. Rb6 Kh3 67. Rb3 1-0

[Event "BCF-ch Major op"]
[Site "Torquay"]
[Date "2013.08.02"]
[Round "5.69"]
[White "Hilton, Tim"]
[Black "Olbison, Philip J"]
[Result "0-1"]
[WhiteElo "1747"]
[BlackElo "1997"]
[PlyCount "102"]
[EventDate "2013.07.29"]
[EventType "swiss"]
[EventRounds "11"]
[EventCountry "ENG"]
[SourceTitle "EXT 2023"]
[Source "ChessBase"]
[SourceDate "2022.10.05"]
[SourceVersion "1"]
[SourceVersionDate "2022.10.05"]
[SourceQuality "1"]

1. c4 Nf6 2. Nc3 g6 3. g3 Bg7 4. Bg2 0-0 5. Nf3 d6 6. 0-0 Nbd7 7. d3 e5 8. Rb1 Nh5 9. Bd2 h6 10. b4 f5 11. e4 f4 12. Nh4 Kh7 13. Bh3 fxg3 14. hxg3 Nf4 15. Bxf4 exf4 16. Nd5 c6 17. Nxf4 Rxf4 18. Nxg6 Rf7 19. Bf5 Rf6 20. Ne7+ Kh8 21. Ng6+ Kg8 22. c5 d5 23. Qg4 Nf8 24. Ne7+ Qxe7 25. Bxc8 Rg6 26. Qh3 Bd4 27. Bf5 Rg7 28. Kh2 Ng6 29. Be6+ Kh8 30. exd5 cxd5 31. Bxd5 Qe2 32. Rbe1 Qd2 33. Rd1 Qxb4 34. Rb1 Qxc5 35. Bxb7 Rf8 36. Rfc1 Rxf2+ 37. Kh1 Qg5 38. Be4 Kh7 39. Rc6 Rf6 40. Rxf6 Qxf6 41. Rf1 Qg5 42. Kh2 Rc7 43. Kh1 h5 44. Qf5 Qxg3 45. Qxh5+ Kg7 46. Qxg6+ Qxg6 47. Bxg6 Kxg6 48. Rf4 Rc1+ 49. Kg2 Rc2+ 50. Kh3 Be5 51. Ra4 Kf5 0-1

[Event "BCF-chT3 1213 (4NCL)"]
[Site "England"]
[Date "2013.03.24"]
[Round "8.1"]
[White "Parry, Matthew"]
[Black "Olbison, Philip J"]
[Result "0-1"]
[WhiteElo "2221"]
[BlackElo "2025"]
[PlyCount "90"]
[EventDate "2012.11.03"]
[EventType "team-swiss"]
[EventRounds "11"]
[EventCountry "ENG"]
[SourceTitle "EXT 2014"]
[Source "ChessBase"]
[SourceDate "2013.11.20"]
[SourceVersion "1"]
[SourceVersionDate "2013.11.20"]
[SourceQuality "1"]
[WhiteTeam "Wales Old Boys Return"]
[BlackTeam "Sons of Anarchy"]
[WhiteTeamCountry "WLS"]
[BlackTeamCountry "ENG"]

1. d4 e6 2. c4 d5 3. Nc3 Nf6 4. cxd5 exd5 5. Bg5 Be7 6. e3 0-0 7. Bd3 Be6 8. Nf3 Nbd7 9. 0-0 Re8 10. Rb1 c5 11. Ne5 Nxe5 12. dxe5 Ng4 13. Bf4 g5 14. Bg3 d4 15. exd4 cxd4 16. Nb5 Kg7 17. Nd6 Bxd6 18. exd6 h5 19. h3 h4 20. Bb5 hxg3 21. Qxd4+ Qf6 22. Qxf6+ Nxf6 23. Bxe8 Rxe8 24. fxg3 Ne4 25. Rfd1 Rd8 26. Rd4 Nxg3 27. Rd3 Bf5 28. Rxg3 Bxb1 29. Rxg5+ Kf6 30. Ra5 a6 31. a3 Rxd6 32. Rc5 Rd1+ 33. Kf2 Rd2+ 34. Kf3 Rxb2 35. Rc3 Ba2 36. g3 Rb3 37. Rxb3 Bxb3 38. Kf4 Bc2 39. h4 b5 40. g4 a5 41. h5 b4 42. g5+ Kg7 43. axb4 axb4 44. Ke3 b3 45. Kd2 f5 0-1

[Event "Buxton e2e4 op-A 03"]
[Site "Buxton"]
[Date "2013.03.16"]
[Round "2"]
[White "Olbison, Philip J"]
[Black "Arkell, Keith C"]
[Result "0-1"]
[WhiteElo "2025"]
[BlackElo "2472"]
[PlyCount "68"]
[EventDate "2013.03.15"]
[EventType "swiss"]
[EventRounds "5"]
[EventCountry "ENG"]
[SourceTitle "EXT 2014"]
[Source "ChessBase"]
[SourceDate "2013.11.20"]
[SourceVersion "1"]
[SourceVersionDate "2013.11.20"]
[SourceQuality "1"]

1. e4 c6 2. d4 d5 3. Nc3 dxe4 4. Nxe4 Nd7 5. Nf3 Ngf6 6. Ng3 c5 7. c3 cxd4 8. Nxd4 g6 9. Bc4 Nb6 10. Bb5+ Bd7 11. Qe2 a6 12. Bg5 Bg7 13. Bd3 0-0 14. 0-0 h6 15. Bd2 Re8 16. Rad1 e5 17. Nb3 Qc7 18. h3 e4 19. Bb1 Bb5 20. Qe1 Bxf1 21. Nxf1 Nc4 22. Bc1 Rad8 23. Ne3 Rxd1 24. Qxd1 Rd8 25. Qe2 Nxe3 26. Bxe3 Nd5 27. Bd4 f5 28. Bxg7 Kxg7 29. Nd4 Qb6 30. Bc2 Nb4 31. Qc4 Nxc2 32. Nxc2 Rd1+ 33. Kh2 Qd6+ 34. g3 Rd2 0-1

[Event "Buxton e2e4 op-A 03"]
[Site "Buxton"]
[Date "2013.03.15"]
[Round "1"]
[White "McCarthy, Damian"]
[Black "Olbison, Philip J"]
[Result "0-1"]
[WhiteElo "1877"]
[BlackElo "2025"]
[PlyCount "75"]
[EventDate "2013.03.15"]
[EventType "swiss"]
[EventRounds "5"]
[EventCountry "ENG"]
[SourceTitle "EXT 2014"]
[Source "ChessBase"]
[SourceDate "2013.11.20"]
[SourceVersion "1"]
[SourceVersionDate "2013.11.20"]
[SourceQuality "1"]

1. e4 e6 2. d4 d5 3. Nc3 Nf6 4. Bg5 Be7 5. e5 Nfd7 6. Bxe7 Qxe7 7. f4 a6 8. Nf3 c5 9. dxc5 Nc6 10. Qd2 Nxc5 11. 0-0-0 b5 12. Bd3 Bb7 13. Kb1 b4 14. Ne2 0-0 15. Ned4 Nxd4 16. Nxd4 Ne4 17. Qe2 Qc5 18. Nb3 Qb6 19. Rhe1 a5 20. Bxe4 dxe4 21. Nd2 a4 22. Nxe4 Bd5 23. c4 bxc3 24. Nxc3 Bc6 25. g3 Rfb8 26. Rd6 Qc5 27. Rc1 a3 28. b3 Bb7 29. Na4 Qb4 30. Rc4 Qa5 31. Rc5 Qb4 32. Rc4 Qa5 33. Rc5 Qb4 34. Rc4 Qa5 35. Ka1 Ba6 36. Qd2 Qxd2 37. Rxd2 Bxc4 38. Nb6 0-1

[Event "Chester e2e4 op-A"]
[Site "Chester"]
[Date "2013.01.18"]
[Round "1"]
[White "Broadley, Henry"]
[Black "Olbison, Philip J"]
[Result "0-1"]
[WhiteElo "1936"]
[BlackElo "2050"]
[PlyCount "128"]
[EventDate "2013.01.18"]
[EventType "swiss"]
[EventRounds "5"]
[EventCountry "ENG"]
[SourceTitle "CBM 152 Extra"]
[Source "ChessBase"]
[SourceDate "2013.02.25"]
[SourceVersion "1"]
[SourceVersionDate "2013.02.25"]
[SourceQuality "1"]

1. d4 e6 2. c4 d5 3. Nc3 Nf6 4. Nf3 Be7 5. Bf4 a6 6. e3 dxc4 7. Bxc4 b5 8. Bb3 Bb7 9. Rc1 c6 10. e4 b4 11. e5 Nh5 12. Ne2 Nd7 13. Be3 g6 14. Bh6 Rg8 15. Qd3 Nb6 16. 0-0 Qd7 17. Nd2 Ng7 18. Bxg7 Rxg7 19. Nc4 Nxc4 20. Bxc4 Kf8 21. a3 h5 22. axb4 Bxb4 23. Qb3 Qe7 24. Ra1 h4 25. Nc1 h3 26. Qxh3 c5 27. Nd3 cxd4 28. Ra4 Bc5 29. Rfa1 Kg8 30. Bxa6 Be4 31. Bc4 Rb8 32. b3 Rh7 33. Qg3 Bb6 34. Qf4 Bc6 35. Ra6 Kg7 36. b4 Rh4 37. Qg3 Be4 38. Nf4 Bf5 39. Be2 d3 40. Bxd3 Rg4 41. Qf3 Qxb4 42. Ne2 Qb3 43. R6a3 Qb2 44. Bxf5 gxf5 45. h3 Re4 46. Qg3+ Kf8 47. Nc3 Rc4 48. Nd1 Qb4 49. Ne3 f4 50. Qh4 fxe3 51. Qh8+ Ke7 52. Qxb8 exf2+ 53. Kh2 f1Q 54. Rxf1 Bg1+ 55. Kxg1 Qxb8 56. Raf3 Qa7+ 57. Kh1 Ke8 58. Rg3 Qc7 59. Rg8+ Ke7 60. Re1 Rc5 61. Rg5 Kf8 62. Re2 f6 63. Rg6 Rxe5 64. Rxf6+ Kg7 0-1

[Event "BCF-ch Major op"]
[Site "North Shields"]
[Date "2012.07.28"]
[Round "6.52"]
[White "Olbison, Philip J"]
[Black "Hinchcliffe, Gary"]
[Result "1-0"]
[WhiteElo "1952"]
[BlackElo "1931"]
[PlyCount "55"]
[EventDate "2012.07.23"]
[EventType "swiss"]
[EventRounds "11"]
[EventCountry "ENG"]
[SourceTitle "EXT 2023"]
[Source "ChessBase"]
[SourceDate "2022.10.05"]
[SourceVersion "1"]
[SourceVersionDate "2022.10.05"]
[SourceQuality "1"]

1. e4 e6 2. d4 d5 3. exd5 exd5 4. Bd3 Bd6 5. Nf3 Nf6 6. Bg5 Bg4 7. 0-0 0-0 8. Nbd2 Nbd7 9. c4 dxc4 10. Nxc4 Be7 11. Ne3 Bh5 12. Nf5 Nb6 13. a3 Re8 14. Re1 Nbd5 15. h3 Nd7 16. Nxe7+ Nxe7 17. Re3 f6 18. Qb3+ Kh8 19. g4 Bg6 20. Rae1 Ng8 21. Bxg6 Rxe3 22. Rxe3 hxg6 23. Bh4 Nb6 24. Ne5 Qxd4 25. Nxg6+ Kh7 26. Qc2 Kh6 27. Qf5 Qd1+ 28. Kh2 1-0